000
00250nam a2200109 4500
008
160704b xxu||||| |||| 00| 0 eng d
100
_9
1961
245
_a
6 Plays
260
_a
N.D
_b
Children Book Trust
_c
2001
300
_a
6 Plays
942
_2
ddc
_c
BK
999
_c
1662
_d
1662